Statistics for Brightest Stars in the Orion Constellation

Click here to take the quiz!

General Stats

  • This quiz has been taken 30 times
  • The average score is 6 of 7

Answer Stats

HintAnswer% Correct
.58Betelgeuse
100%
.12Rigel
100%
1.64Bellatrix
96%
1.74Alnitak
79%
2.09Saiph
75%
1.7Alnilam
71%
2.25Mintaka
71%

Score Distribution

Percentile by Number Answered

Percent of People with Each Score

Your Score History

You have not taken this quiz